000 00418pam a2200157a 44500
008 230515b1982 xxu||||| |||| 00| 0 eng d
020 _aNULL
041 _aENGL
082 _a306.3 SIN
100 _a"SINGH N.R.,"
245 _aINDUSTRIAL SOCIOLOGY IN INDIA
250 _a0
260 _aNEW DELHI
_bALLIDE PUBLISHERS PVT. LTD.
_c1982
300 _aNULL
650 _a"SOCIAL SCIENCE,SOCIOLOGY,INDUSTRIAL SOCIOLOGY"
999 _c537522
_d537522